00361nam a22000857a 4500008004100000010001700041245015000058260002300208500004400231150722b xxu||||| |||| 00| 0 eng d 8HCCRSARF:033 aHIGH COURT CRIMINAL SESSION NO.102 OF 1975 Uganda Vs 1. Peto Kiyimba alias Luzutu 2. Eremegio Ziwa s/o Ssajjabi 3. Abisagi Nasali alias Mukalinda aHigh Court Kampala 3BEFORE: Hon. Mr. Justice P.A.P.J. Allen